00681 a2200193 450000500170000001000130001702000260003003500130005603700090006908200060007810000240008424500480010826000490015627000630020530000220026894200250029099900190031595201530033420240520114605.0 aB-759110 a9780143333166c199.00 aB-759110 bGift aS aMurty, Sudha966443 aThe Magic of The Lost Temple/cSudha Murthy aGurgaonbPenguin Books India Pvt. Ltdc2015 a7th Floor Infinity Tower C,DLF Cyber CitybGurgaone122002 a203 p.c19 cm(Pb) adplcCH2ddchSmMUR c203003d203003 001040708FICaZLSbZLSd2024-05-20eGift/20.5.24g199.00l9m3oS MURpB-759110r2026-05-14 13:26:24s2026-05-08t1v199.00w2024-05-20yCHzGift